| 000 | 00808nam a2200217Ia 4500 | ||
|---|---|---|---|
| 003 | GCL | ||
| 008 | 140319s9999 xx 000 0 ara d | ||
| 040 |
_aGCL / _cGCL |
||
| 082 | 0 | 4 |
_a219.5 _bا ح |
| 100 | 1 | _aاحمد النجار | |
| 245 | 1 | 0 |
_aحركة البنوك الاسلامية : _bحقائق الاصل .. واوهام الصورة / _cاحمد النجار |
| 250 | _aالاولى | ||
| 260 |
_aالقاهرة : _bشركة سبرينت ، _c1993 |
||
| 300 |
_a640 ص ؛ _c24 سم |
||
| 650 | 0 | 4 | _aالاقتصاد الاسلامى |
| 650 | 0 | 4 | _aالبنوك الاسلامية |
| 650 | 0 | 4 | _aالبنوك الاسلامية - تنظيم وادارة |
| 650 | 0 | 4 | _aالبنوك الاسلامية - سندات |
| 650 | 0 | 4 | _aالاسلام، النظام المالى فى |
| 942 |
_2ddc _cBK |
||
| 999 |
_c6024 _d6024 |
||